00456nam a2200145 i 4500001000300000100001800003245007300021260003800094020001500132040000800147041000800155080000800163008004100171856009800212bg1 aHORVATH, Imre 0aModelling in the technology of wastewater treatment /cImre Horvath. aBudapest :bAdemiai Kiado,c1984. a963053410X cBPK apol a628 s pl f |000 0 pol  uhttp://koha.tu.koszalin.pl/cgi-bin/koha/opac-detail.pl?biblionumber=23041yKatalog online BPK